000 01482cam a2200241 4500
001 8228
005 20181127185421.0
008 980713s1999 enka b 001 0 eng
010 _a 98011724
020 _a0415173094
020 _a0415173108 (pbk.)
082 0 0 _a791.43
_221
100 _aNelmes, Jill.
_b
_c
_d
_eeditor
_q
245 0 3 _aAn Introduction to film studies /
_cedited by Jill Nelmes.
250 _a2nd ed.
260 _aLondon ;
_aNew York :
_bRoutledge,
_c1999.
300 _axviii, 522 p. :
_bill. ;
_c26 cm.
504 _aIncludes bibliographical references (p. [501]-511) and index.
505 _aCONTENT: Part one: Institutions, Audiences, and technology -- Cinema as an institution -- Film and technology -- Part two: Approaches to studying film texts -- Film form narrative -- The film spectators -- 6 Genre, stars, and auteur-critical approaches to Hollywood cinema -- Part three:Genre forms-Realism and illusion -- The documentary form:personal and social realities -- Animation:forms and meanings -- Part four:Representations of gender and sexuality --women and film -- lesbian and gay cinema -- Part Five:National Cinemas -- Approaches and definitions -- British film culture- a historical overview -- 199Os renaissance -- An introduction to Indian cinema -- The Soviet montage cinema of the 1920s - - New Germa cinema.
_g
_r
_t
650 0 _aMotion pictures.
700 1 _aNelmes, Jill,
_d1954-
999 _c7098
_d7098